Tri piliere úspechu rodinného podnikania

Rodinný podnik a úspech rodinného podnikania. Riadenie rodinnej firmy. Financie v rodinnom podniku. Podnikateľská motivácia a vízia. Vstup tichého spoločníka private equity do rodinného podniku. Profesionálna kvalita, vzdelanie a vysoké pracovné nasadenie. Rodinné a pracovné vzťahy v rodinnom podnik...

Descrizione completa

Salvato in:
Dettagli Bibliografici
Autore principale: Milecová, Miroslava
Natura: Capitolo di libro
Lingua:slovacco
Soggetti:
Tags: Aggiungi Tag
Nessun Tag, puoi essere il primo ad aggiungerne!!

MARC

LEADER 00000naa$a2200000$$$4500
001 0112473
005 20240502072240.6
041 0 |a slo 
044 |a SK 
245 1 0 |a Tri piliere úspechu rodinného podnikania  |c Miroslava Milecová 
520 |a Rodinný podnik a úspech rodinného podnikania. Riadenie rodinnej firmy. Financie v rodinnom podniku. Podnikateľská motivácia a vízia. Vstup tichého spoločníka private equity do rodinného podniku. Profesionálna kvalita, vzdelanie a vysoké pracovné nasadenie. Rodinné a pracovné vzťahy v rodinnom podniku. 
610 2 0 |a podnik rodinný 
610 2 0 |a spoluvlastníci 
610 2 0 |a podnikanie rodinné 
610 2 0 |a spoločenstvo tiché 
610 2 0 |a vzťahy vlastnícke 
610 2 0 |a imanie základné 
610 2 0 |a zdroje finančné 
610 2 0 |a know-how 
100 1 |a Milecová, Miroslava